Social Formation in Pre-Modern India (Record no. 121927)

MARC details
000 -LEADER
fixed length control field 00435nam a2200145Ia 4500
008 - FIXED-LENGTH DATA ELEMENTS--GENERAL INFORMATION
fixed length control field 211122s9999||||xx |||||||||||||| ||und||
082 ## - DEWEY DECIMAL CLASSIFICATION NUMBER
Classification number 954
Item number GAN-S
100 ## - MAIN ENTRY--PERSONAL NAME
Personal name Gangadharan, T K
245 #0 - TITLE STATEMENT
Title Social Formation in Pre-Modern India
260 ## - PUBLICATION, DISTRIBUTION, ETC.
Name of publisher, distributor, etc. Calicut University
Place of publication, distribution, etc. Calicut
Date of publication, distribution, etc. 2015
300 ## - PHYSICAL DESCRIPTION
Extent 306p.
630 ## - SUBJECT ADDED ENTRY--UNIFORM TITLE
General subdivision General Stack
650 ## - SUBJECT ADDED ENTRY--TOPICAL TERM
Topical term or geographic name entry element HISTORY & GEOGRAPHY
942 ## - ADDED ENTRY ELEMENTS (KOHA)
Koha item type BOOK
650 ## - SUBJECT ADDED ENTRY--TOPICAL TERM
Form subdivision HISTORY OF ASIA, FAR EASTSOUTH ASIA, INDIAGeneralia
Holdings
Withdrawn status Lost status Damaged status Not for loan Home library Current library Date acquired Cost, normal purchase price Total Checkouts Full call number Barcode Shelving location Date last seen Price effective from Koha item type
        SB LIBRARY SB LIBRARY 22/11/2021 80.00   954 GAN-S 00135422 GENERAL STACK 22/11/2021 22/11/2021 BOOK

Powered by Koha